|
|
|
|
| LEADER |
00000nam0a2200000 4500 |
| 001 |
107498 |
| 005 |
20231031115314.0 |
| 010 |
|
|
|a 5935172925
|
| 035 |
|
|
|a (RuTPU)RU\TPU\book\116057
|
| 090 |
|
|
|a 107498
|
| 100 |
|
|
|a 20061225d2006 m y0rusy50 ca
|
| 101 |
0 |
|
|a rus
|
| 102 |
|
|
|a RU
|
| 105 |
|
|
|a y j 001zy
|
| 200 |
1 |
|
|a Основы информационной безопасности
|e учебное пособие
|f Е. Б. Белов [и др.]
|
| 210 |
|
|
|a Москва
|c Горячая линия-Телеком
|d 2006
|
| 215 |
|
|
|a 544 с.
|
| 225 |
1 |
|
|a Для высших учебных заведений
|
| 225 |
1 |
|
|a Специальность
|
| 320 |
|
|
|a Глоссарий: с. 437-526.
|
| 330 |
|
|
|a Изложены вопросы теории и практики обеспечения информационной безопасности личности, общества и государства. Большое внимание уделено проблеме безопасности автоматизированных систем, включая вопросы определения модели нарушителя и требований к защите информации. Анализируются современные способы и средства защиты информации и архитектура систем защиты информации. В приложениях приведен справочный материал по ряду нормативных правовых документов и вариант рабочей программы по дисциплине «Основы информационной безопасности». Для студентов высших учебных заведений, обучающихся по специальностям в области информационной безопасности, может быть полезной для широкого круга читателей, интересующихся вопросами обеспечения информационной безопасности.
|
| 610 |
1 |
|
|a информационная безопасность
|
| 610 |
1 |
|
|a государственная информационная политика
|
| 610 |
1 |
|
|a Российская Федерация
|
| 610 |
1 |
|
|a национальная безопасность
|
| 610 |
1 |
|
|a информация
|
| 610 |
1 |
|
|a информационные ресурсы
|
| 610 |
1 |
|
|a информационная война
|
| 610 |
1 |
|
|a государственное управление
|
| 610 |
1 |
|
|a муниципальное управление
|
| 610 |
1 |
|
|a подготовка кадров
|
| 610 |
1 |
|
|a автоматизированные системы
|
| 610 |
1 |
|
|a информационные системы
|
| 610 |
1 |
|
|a защита
|
| 610 |
1 |
|
|a угрозы
|
| 610 |
1 |
|
|a уязвимость
|
| 610 |
1 |
|
|a функции
|
| 610 |
1 |
|
|a стратегии
|
| 610 |
1 |
|
|a криптографические методы
|
| 610 |
1 |
|
|a системы защиты
|
| 610 |
1 |
|
|a архитектура
|
| 610 |
1 |
|
|a учебные пособия
|
| 675 |
|
|
|a 681.3.067(075.8)
|v 3
|
| 701 |
|
1 |
|a Белов
|b Е. Б.
|g Евгений Борисович
|
| 701 |
|
1 |
|a Лось
|b В. П.
|g Владимир Павлович
|
| 701 |
|
1 |
|a Мещеряков
|b Р. В.
|g Роман Валерьевич
|
| 701 |
|
1 |
|a Шелупанов
|b А. А.
|g Александр Александрович
|
| 801 |
|
1 |
|a RU
|b 63413507
|c 20061225
|g PSBO
|
| 801 |
|
2 |
|a RU
|b 63413507
|c 20160114
|g PSBO
|
| 900 |
|
|
|a Информационная безопасность
|
| 942 |
|
|
|c BK
|
| 952 |
|
|
|b 090100
|
| 959 |
|
|
|a 114/20061222
|d 2
|e 465,30
|f АНЛ:2
|